[Event "Chigorin Memorial Open"]
[Site "St Petersburg RUS"]
[Date "2011.10.19"]
[Round "6.4"]
[White "Smirnov, Pavel"]
[Black "Stukopin, Andrey"]
[Result "1-0"]
[WhiteTitle "GM"]
[BlackTitle "IM"]
[WhiteElo "2580"]
[BlackElo "2438"]
[WhiteFideId "4123425"]
[BlackFideId "24107131"]
[EventDate "2011.10.14"]

1. e4 c5 2. Nf3 e6 3. d4 cxd4 4. Nxd4 a6 5. Nc3 Qc7 6. Bd3 Nf6 7. O-O Nc6 8.
Nxc6 dxc6 9. f4 e5 10. Kh1 Bc5 11. Qf3 Bg4 12. Qg3 Bd4 13. f5 h5 14. Bg5 Nh7 15.
Bd2 Nf6 16. h3 h4 17. Qe1 Bh5 18. Qxh4 O-O-O 19. Qg3 Rdg8 20. Be3 g5 21. Bf2 Bg4
22. Bxd4 exd4 23. Qxc7+ Kxc7 24. e5 dxc3 25. exf6 Bh5 26. bxc3 g4 27. g3 gxh3
28. Kh2 Kd6 29. Rae1 Rh6 30. Re4 Rxf6 31. Rh4 Bg4 32. Rf4 Bd1 33. g4 Kc7 34. Rf1
Rxg4 35. Rxh3 Ra4 36. Rxd1 Rxa2 37. Kg3 Rd6 38. Rh7 Rd7 39. Bc4 Rxc2 40. Rxd7+
Kxd7 41. Rxf7+ Kd6 42. Kf4 1-0

[Event "Chigorin Memorial Open"]
[Site "St Petersburg RUS"]
[Date "2011.10.19"]
[Round "6.5"]
[White "Azarov, Sergei"]
[Black "Malakhatko, Vadim"]
[Result "1-0"]
[WhiteTitle "GM"]
[BlackTitle "GM"]
[WhiteElo "2648"]
[BlackElo "2543"]
[WhiteFideId "13501470"]
[BlackFideId "14104202"]
[EventDate "2011.10.14"]

1. e4 c5 2. Nf3 e6 3. d4 cxd4 4. Nxd4 Nc6 5. Nb5 d6 6. c4 Nf6 7. N1c3 a6 8. Na3
Be7 9. Be2 b6 10. Be3 O-O 11. O-O Ne5 12. f4 Ned7 13. Bf3 Bb7 14. Qe2 Qc7 15.
Rad1 Rfe8 16. Nab1 Bc6 17. g4 Nc5 18. Qg2 Nfd7 19. Rc1 Nd3 20. Rcd1 N3c5 21. g5
Na4 22. Nxa4 Bxa4 23. Rc1 Bc6 24. Nc3 Bb7 25. Ne2 Bf8 26. h4 g6 27. h5 Bg7 28.
Ng3 Rac8 29. Qd2 Bc6 30. Bg2 Rcd8 31. Rcd1 Qb7 32. h6 Bf8 33. Bd4 b5 34. cxb5
axb5 35. Bc3 Ra8 36. a3 Nc5 37. f5 Na4 38. fxg6 fxg6 39. Bh3 Bxe4 40. Rxf8+ Kxf8
41. Qxd6+ Re7 42. Qe5 Nxc3 43. Qh8+ 1-0

[Event "Chigorin Memorial Open"]
[Site "St Petersburg RUS"]
[Date "2011.10.19"]
[Round "6.6"]
[White "Gabrielian, Artur"]
[Black "Sjugirov, Sanan"]
[Result "1/2-1/2"]
[WhiteTitle "GM"]
[BlackTitle "GM"]
[WhiteElo "2531"]
[BlackElo "2627"]
[WhiteFideId "4131002"]
[BlackFideId "4189302"]
[EventDate "2011.10.14"]

1. d4 Nf6 2. c4 e6 3. Nc3 Bb4 4. e3 O-O 5. Bd3 c5 6. Nf3 d5 7. O-O cxd4 8. exd4
dxc4 9. Bxc4 a6 10. Qd3 b5 11. Bb3 Bb7 12. Bg5 Nbd7 13. Rfd1 h6 14. Bh4 Rc8 15.
a4 Bxc3 16. bxc3 Be4 17. Qe3 Bd5 18. Bxd5 Nxd5 19. Bxd8 Nxe3 20. fxe3 Rfxd8 21.
axb5 axb5 22. Ra3 Nf6 23. Rb1 Ra8 24. Rxa8 Rxa8 25. Ne5 Ne4 26. h3 Nxc3 27. Rb3
Nd5 28. e4 Nf4 29. Kf2 Ra2+ 30. Kf3 Nxg2 31. Rxb5 Ne1+ 32. Ke3 Ra3+ 33. Ke2 Nc2
34. Rb8+ Kh7 35. Rd8 f6 36. Nc6 Rxh3 37. d5 exd5 38. exd5 Rc3 39. Kd2 Rc4 40.
Kd3 Rxc6 41. dxc6 Nb4+ 42. Ke4 Nxc6 43. Rc8 Ne5 44. Kf5 h5 45. Rc3 Ng4 46. Kf4
Nh6 47. Rc7 Kg6 48. Ra7 Nf7 49. Rb7 Ng5 50. Re7 Nf7 51. Ra7 Ne5 52. Rc7 Kh6 53.
Ra7 Ng6+ 54. Kf5 Nh4+ 55. Ke6 Kg6 56. Kd5 Nf3 57. Ke4 Ng5+ 58. Kf4 Ne6+ 59. Ke4
Ng5+ 60. Kf4 Nh7 61. Rb7 Kh6 62. Ra7 g6 63. Ra6 f5 64. Ra8 Nf6 65. Rh8+ Kg7 66.
Ra8 Ne4 67. Rb8 h4 68. Ra8 Kf7 69. Ra7+ Kf6 70. Ra6+ Kg7 71. Ra8 Kh7 72. Rb8 Nc5
73. Kg5 h3 74. Rb2 Ne6+ 75. Kh4 Nf4 76. Kg5 Ne6+ 77. Kh4 g5+ 78. Kxh3 Kg6 79.
Rb6 Kf6 80. Ra6 Ke5 81. Kg3 Nc5 82. Ra5 Kd4 83. Kf3 Kc4 84. Ke3 Kd5 85. Rb5 Kc4 1/2-1/2

[Event "Chigorin Memorial Open"]
[Site "St Petersburg RUS"]
[Date "2011.10.19"]
[Round "6.7"]
[White "Kuzubov, Yuriy"]
[Black "Yevseev, Denis"]
[Result "1-0"]
[WhiteTitle "GM"]
[BlackTitle "GM"]
[WhiteElo "2623"]
[BlackElo "2529"]
[WhiteFideId "14112906"]
[BlackFideId "4126378"]
[EventDate "2011.10.14"]

1. e4 c6 2. Nf3 d5 3. Nc3 Bg4 4. h3 Bxf3 5. Qxf3 e6 6. a3 Nf6 7. d3 Bd6 8. g3
O-O 9. Bg2 Nbd7 10. O-O Qb6 11. Kh1 Qa6 12. Re1 Be5 13. Nd1 Rad8 14. Bd2 Rfe8
15. a4 dxe4 16. dxe4 Qc4 17. Ne3 Qc5 18. Bc1 Nb6 19. Qe2 Rd4 20. a5 Ra4 21. Bd2
Rxa1 22. Rxa1 Nbd7 23. c3 a6 24. b4 Qf8 25. Nc4 Bb8 26. Be3 Rd8 27. Rd1 Ne5 28.
Bc5 Rxd1+ 29. Qxd1 Qe8 30. Nd6 Qd7 31. Qd4 h6 32. Qxe5 Ne8 33. Qd4 e5 34. Qxe5
Bxd6 35. Bxd6 Nxd6 36. Kh2 Nb5 37. Bf1 f6 38. Qc5 Qd2 39. Bxb5 axb5 40. Kg2 Qe2
41. Qe7 Kh7 42. Qxb7 Qxe4+ 43. Kh2 Qf3 44. Qb6 Qxc3 45. Qc5 Qxc5 46. bxc5 b4 47.
a6 b3 48. a7 b2 49. a8=Q b1=Q 50. Qxc6 Qf5 51. Kg2 h5 52. h4 Qe5 53. Qd6 Qe4+
54. Kh2 f5 55. Qd1 Kg6 56. Qc1 Kh7 57. c6 f4 58. c7 fxg3+ 59. fxg3 Qe2+ 60. Kg1
Qd3 61. c8=Q Qxg3+ 62. Kf1 1-0

[Event "Chigorin Memorial Open"]
[Site "St Petersburg RUS"]
[Date "2011.10.19"]
[Round "6.9"]
[White "Mastrovasilis, Athanasios"]
[Black "Rakhmanov, Aleksandr"]
[Result "1/2-1/2"]
[WhiteTitle "GM"]
[BlackTitle "GM"]
[WhiteElo "2529"]
[BlackElo "2592"]
[WhiteFideId "4201990"]
[BlackFideId "4173708"]
[EventDate "2011.10.14"]

1. Nf3 Nf6 2. c4 g6 3. Nc3 d5 4. cxd5 Nxd5 5. e4 Nxc3 6. dxc3 Qxd1+ 7. Kxd1 Nd7
8. Bc4 f6 9. Be3 e5 10. Be6 Bd6 11. Nd2 Ke7 12. Bh3 b6 13. Nc4 Bb7 14. Nxd6 cxd6
15. f3 Rhf8 16. Re1 f5 17. Bg5+ Ke6 18. Kc2 Nf6 19. Rad1 h5 20. Rd2 Rac8 21.
Red1 Rcd8 22. Re1 Rc8 23. Rde2 Rc4 24. Rd1 Rc7 25. Rde1 Rc4 26. Rd1 Rf7 27. Red2
Ne8 28. b3 Rc8 29. Kb2 Rfc7 30. c4 Rf7 31. a4 Kd7 32. f4 Ke6 33. Re1 Nf6 34.
exf5+ gxf5 35. Bxf6 Rxf6 36. Rxd6+ Kxd6 37. fxe5+ Ke6 38. exf6+ Kxf6 39. Re2 h4
40. Kc3 Rd8 41. Rd2 Rxd2 42. Kxd2 f4 43. Kd3 Ke5 44. b4 Be4+ 45. Kc3 Bc6 46. a5
bxa5 1/2-1/2

[Event "Chigorin Memorial Open"]
[Site "St Petersburg RUS"]
[Date "2011.10.19"]
[Round "6.10"]
[White "Bodnaruk, Anastasia"]
[Black "Burmakin, Vladimir"]
[Result "0-1"]
[WhiteTitle "IM"]
[BlackTitle "GM"]
[WhiteElo "2417"]
[BlackElo "2588"]
[WhiteFideId "4181751"]
[BlackFideId "4105109"]
[EventDate "2011.10.14"]

1. e4 c6 2. d4 d5 3. exd5 cxd5 4. Bd3 Nc6 5. c3 Nf6 6. h3 g6 7. Bf4 Bg7 8. Nd2
O-O 9. Ngf3 Bd7 10. O-O Qc8 11. Re1 Bf5 12. Bb5 Re8 13. Ne5 Nd7 14. Bxc6 bxc6
15. Nxd7 Bxd7 16. Nb3 f6 17. Nc5 e5 18. dxe5 fxe5 19. Bg3 e4 20. Qb3 Bf5 21. c4
d4 22. Nb7 Qd7 23. Nd6 Re7 24. c5+ Be6 25. Qb4 Bd5 26. Rad1 a5 27. Qa4 Qa7 28.
Rxd4 Qxc5 29. Rdd1 Qb4 30. b3 Qxa4 31. bxa4 Bh6 32. a3 e3 33. fxe3 Rxe3 34. Rxe3
Bxe3+ 35. Kh2 Bh6 36. Re1 Bf8 37. Ne8 Bxa3 38. Nf6+ Kg7 0-1

[Event "Chigorin Memorial Open"]
[Site "St Petersburg RUS"]
[Date "2011.10.19"]
[Round "6.11"]
[White "Oparin, Grigoriy"]
[Black "Kovchan, Alexander"]
[Result "1/2-1/2"]
[WhiteTitle "IM"]
[BlackTitle "GM"]
[WhiteElo "2413"]
[BlackElo "2569"]
[WhiteFideId "24125890"]
[BlackFideId "14103052"]
[EventDate "2011.10.14"]

1. e4 c5 2. Nf3 d6 3. d4 cxd4 4. Nxd4 Nf6 5. Nc3 a6 6. Be2 e5 7. Nb3 Be7 8. O-O
O-O 9. a4 Be6 10. Bf3 Nbd7 11. Re1 Rb8 12. Be3 Qc7 13. a5 Rfc8 14. h3 Bf8 15.
Qd2 h6 16. Rec1 b5 17. axb6 Nxb6 18. Na5 Rd8 19. Nd5 Bxd5 20. exd5 e4 21. Be2
Nfxd5 22. Bd4 Ne7 23. Qf4 f5 24. Bxa6 Nbd5 25. Qd2 Nb4 26. Bf1 Nbc6 27. Nb3 d5
28. Ra6 Kh7 29. Qc3 Rdc8 30. Bc5 Qd7 31. Rd1 Nd8 32. Qe3 Ndc6 33. c4 Ne5 34.
Bxe7 Qxe7 35. Rxd5 Nxc4 36. Qf4 Qg5 37. Qxg5 hxg5 38. Bxc4 Rxc4 39. Rxf5 Rxb3
40. Rxf8 Rxb2 41. Rf5 g4 42. hxg4 e3 43. Rh5+ Kg8 44. Ra8+ Kf7 45. Rf5+ Kg6 46.
Ra6+ Kh7 47. fxe3 Rxg4 48. Rf2 Rb1+ 49. Kh2 Re4 50. Rf3 Rb3 51. Rh3+ Kg8 52.
Ra8+ Kf7 53. Ra7+ Ke6 54. Rxg7 Rexe3 55. Rh8 Kf6 56. Rg4 Kf5 57. Ra4 Re6 58.
Rh5+ 1/2-1/2

[Event "Chigorin Memorial Open"]
[Site "St Petersburg RUS"]
[Date "2011.10.19"]
[Round "6.12"]
[White "Zontakh, Andrey"]
[Black "Rasulov, Vugar"]
[Result "1/2-1/2"]
[WhiteTitle "GM"]
[BlackTitle "GM"]
[WhiteElo "2569"]
[BlackElo "2523"]
[WhiteFideId "14101130"]
[BlackFideId "13402390"]
[EventDate "2011.10.14"]

1. Nf3 Nf6 2. c4 c5 3. Nc3 Nc6 4. g3 g6 5. Bg2 d6 6. d4 cxd4 7. Nxd4 Bd7 8. Nxc6
bxc6 9. b3 Bg7 10. Bb2 O-O 11. Qd2 Qa5 12. Rd1 Rac8 13. O-O Qh5 14. e4 Rfd8 15.
Qe2 Qa5 16. Rfe1 Bg4 17. Bf3 h5 18. Na4 Bxf3 19. Qxf3 Ng4 20. Bxg7 Kxg7 21. Qc3+
Qxc3 22. Nxc3 h4 23. f3 Ne5 24. Kg2 hxg3 25. hxg3 a5 26. f4 Ng4 27. Kf3 Nh2+ 28.
Kg2 Ng4 29. Kf3 Nh2+ 30. Kg2 1/2-1/2

[Event "Chigorin Memorial Open"]
[Site "St Petersburg RUS"]
[Date "2011.10.19"]
[Round "6.13"]
[White "Antipov, Mikhail Al."]
[Black "Korobov, Anton"]
[Result "1-0"]
[WhiteTitle "IM"]
[BlackTitle "GM"]
[WhiteElo "2412"]
[BlackElo "2671"]
[WhiteFideId "4107012"]
[BlackFideId "14105730"]
[EventDate "2011.10.14"]

1. e4 c5 2. Nf3 d6 3. d4 cxd4 4. Nxd4 Nf6 5. Nc3 a6 6. h3 e5 7. Nde2 h5 8. Bg5
Be7 9. g3 Be6 10. Bg2 Nbd7 11. O-O Rc8 12. a4 O-O 13. b3 Nc5 14. Be3 b5 15. axb5
axb5 16. b4 Na4 17. Nxb5 Nb2 18. Qc1 Nc4 19. Na7 Rc7 20. b5 d5 21. Nc6 Rxc6 22.
bxc6 Nxe4 23. Ra4 f5 24. Rxc4 dxc4 25. Qa1 Qc7 26. Rb1 Bf6 27. Nc3 Nxc3 28. Qxc3
e4 29. Qa3 Qxc6 30. Rb6 Qc8 31. Bf1 Rd8 32. Qa4 Bf7 33. Rc6 Qb7 34. Rb6 Qd5 35.
Rb1 h4 36. gxh4 Bxh4 37. Rb5 Qe6 38. Rb6 Qd7 39. Qxd7 Rxd7 40. Be2 g5 41. Rb8+
Kh7 42. c3 f4 43. Bd4 f3 44. Bd1 Bd5 45. Ba4 Re7 46. Rf8 Kg6 47. Be8+ Bf7 48.
Rxf7 Rxe8 49. Rg7+ Kf5 50. Rf7+ Ke6 51. Rf6+ Kd7 52. Rf7+ Re7 53. Rf5 Re6 54.
Rd5+ Ke8 55. Rc5 g4 56. hxg4 Be7 57. Rc8+ Kf7 58. Rxc4 Bd6 59. Be3 Re8 60. Kf1
Kf6 61. Ke1 Ke5 62. Ra4 Rb8 63. Ra5+ Ke6 64. Ra6 Rb1+ 65. Kd2 Kd7 66. Ra4 Rb2+
67. Kd1 Re2 68. Rd4 Kc6 69. Rxe4 Ra2 70. Rc4+ Kd5 71. Rd4+ Ke6 72. Rd2 Ra4 73.
g5 Bf4 74. Bxf4 Rxf4 75. Rd4 Rf5 76. Rg4 Kf7 77. g6+ Kg7 78. Rg3 Ra5 79. Rxf3
Kxg6 80. Kc2 1-0

[Event "Chigorin Memorial Open"]
[Site "St Petersburg RUS"]
[Date "2011.10.19"]
[Round "6.14"]
[White "Al-Sayed, Mohammed"]
[Black "Zvjaginsev, Vadim"]
[Result "0-1"]
[WhiteTitle "GM"]
[BlackTitle "GM"]
[WhiteElo "2519"]
[BlackElo "2666"]
[WhiteFideId "12100196"]
[BlackFideId "4113403"]
[EventDate "2011.10.14"]

1. d4 Nf6 2. c4 e6 3. Nc3 Bb4 4. Qc2 c5 5. dxc5 O-O 6. a3 Bxc5 7. Nf3 Nc6 8. b4
Nd4 9. Nxd4 Bxd4 10. e3 Be5 11. Bb2 Qe7 12. Bd3 d5 13. c5 Bd7 14. f4 Bc7 15. O-O
h6 16. Rae1 b6 17. e4 bxc5 18. e5 Ng4 19. Nxd5 exd5 20. bxc5 Rfc8 21. Bd4 Bb6
22. Rc1 Rxc5 23. Qxc5 Bxc5 24. Bxc5 Qh4 25. h3 Qg3 0-1

[Event "Chigorin Memorial Open"]
[Site "St Petersburg RUS"]
[Date "2011.10.19"]
[Round "6.15"]
[White "Khairullin, Ildar"]
[Black "Levin, Evgeny A."]
[Result "1/2-1/2"]
[WhiteTitle "GM"]
[BlackTitle "GM"]
[WhiteElo "2642"]
[BlackElo "2481"]
[WhiteFideId "4151348"]
[BlackFideId "4182596"]
[EventDate "2011.10.14"]

1. d4 Nf6 2. c4 g6 3. Nc3 Bg7 4. e4 d6 5. f3 O-O 6. Be3 Nc6 7. Qd2 a6 8. Nge2
Rb8 9. Rc1 Bd7 10. Nd1 b5 11. c5 e6 12. Nf2 b4 13. h4 h5 14. g3 Ne7 15. Bg2 Bb5
16. O-O a5 17. Rfd1 Nd7 18. Bg5 Re8 19. Qc2 Ra8 20. a4 Ba6 21. Nd3 Qc8 22. cxd6
cxd6 23. Qc7 Bxd3 24. Rxd3 Qa6 25. Rd2 Ra7 26. Qc2 Bf6 27. Be3 Rc8 28. Qd1 Rac7
29. Bf1 Qb7 30. Rdc2 Rxc2 31. Rxc2 Rxc2 32. Qxc2 Qc6 33. Qd1 Nb6 34. b3 Nd7 35.
Qd2 Qc7 36. Kf2 Nb6 37. Qd3 Nbc8 38. Ke1 Qc6 39. Kd1 Kf8 40. Ng1 Bg7 41. Nh3 d5
42. e5 Nf5 43. Bf2 Bh6 44. Ng5 Bxg5 45. hxg5 Nce7 46. g4 Ng7 47. Qe3 Qc7 48. Bb5
Qc8 49. Be1 Qc7 50. Qd3 Qb6 1/2-1/2

[Event "Chigorin Memorial Open"]
[Site "St Petersburg RUS"]
[Date "2011.10.19"]
[Round "6.16"]
[White "Khismatullin, Denis"]
[Black "Belous, Vladimir"]
[Result "1-0"]
[WhiteTitle "GM"]
[WhiteElo "2635"]
[BlackElo "2504"]
[WhiteFideId "4142578"]
[BlackFideId "4174003"]
[EventDate "2011.10.14"]

1. d4 Nf6 2. c4 g6 3. Nc3 d5 4. Nf3 Bg7 5. Qb3 dxc4 6. Qxc4 O-O 7. e4 a6 8. Qa4
Nbd7 9. e5 Nb6 10. Qb3 Nfd5 11. Ne4 a5 12. Be2 Nb4 13. a3 Nc6 14. Be3 Bg4 15.
Rd1 Qd5 16. Qc2 Bf5 17. Bd3 Na4 18. Rb1 Rfd8 19. b3 Nb6 20. Rd1 a4 21. b4 Qb3
22. Qc1 Qd5 23. Nc3 Qd7 24. Bb5 Nd5 25. Nxa4 Nxe3 26. fxe3 Qd5 27. Nc5 Qa2 28.
O-O Qxa3 29. Nxb7 Qxc1 30. Rxc1 Nxb4 31. Nxd8 Rxd8 32. Bc4 Bh6 33. Rc3 Nd5 34.
Bxd5 Rxd5 35. h3 c5 36. g4 cxd4 37. exd4 Be6 38. g5 Bg7 39. Rb1 Rd8 40. Kg2 Bd5
41. Rbc1 Be6 42. h4 h6 43. Kf2 Bf8 44. Rc5 Kg7 45. Ke3 Kg8 46. Rc7 Bg4 47. Nd2
Ra8 48. d5 Bf5 49. Rb7 Ra3+ 50. Rb3 Ra5 51. Rb8 hxg5 52. hxg5 Kg7 53. Kd4 Ra2
54. Nc4 Ra6 55. Rc3 1-0

[Event "Chigorin Memorial Open"]
[Site "St Petersburg RUS"]
[Date "2011.10.19"]
[Round "6.17"]
[White "Matlakov, Maxim"]
[Black "Obolenskikh, Dmitry"]
[Result "1-0"]
[WhiteTitle "GM"]
[WhiteElo "2630"]
[BlackElo "2500"]
[WhiteFideId "4168003"]
[BlackFideId "4156013"]
[EventDate "2011.10.14"]

1. d4 d5 2. c4 c6 3. Nc3 Nf6 4. Nf3 dxc4 5. a4 e6 6. e4 Bb4 7. Bg5 Bxc3+ 8. bxc3
Qa5 9. e5 Ne4 10. Bd2 c5 11. Bxc4 cxd4 12. cxd4 Nxd2 13. Nxd2 Qc3 14. O-O Qxd4
15. Qe2 Nc6 16. Nf3 Qd8 17. Rfd1 Qe7 18. Rab1 O-O 19. Bd3 Rd8 20. h4 g6 21. Qe4
Rb8 22. Qf4 Kg7 23. h5 Rd5 24. Be4 Rxd1+ 25. Rxd1 gxh5 26. Ng5 Bd7 27. Nxh7 Rh8
28. Rxd7 1-0

[Event "Chigorin Memorial Open"]
[Site "St Petersburg RUS"]
[Date "2011.10.19"]
[Round "6.19"]
[White "Kalegin, Evgenij"]
[Black "Andriasian, Zaven"]
[Result "1/2-1/2"]
[WhiteTitle "IM"]
[BlackTitle "GM"]
[WhiteElo "2467"]
[BlackElo "2615"]
[WhiteFideId "4103416"]
[BlackFideId "13302000"]
[EventDate "2011.10.14"]

1. e4 d6 2. d4 Nf6 3. Bd3 e5 4. c3 g6 5. Nf3 Nbd7 6. O-O Bg7 7. Bg5 O-O 8. Re1
h6 9. Bh4 g5 10. Bg3 Nh5 11. Nbd2 Nf4 12. Bc2 Qf6 13. Nc4 Re8 14. Ne3 Nf8 15.
Bxf4 exf4 16. Nf5 Bxf5 17. exf5 c6 18. h3 Nd7 19. Qd2 d5 20. Rxe8+ Rxe8 21. Re1
Rxe1+ 22. Qxe1 Kf8 23. Qe2 Qd6 24. Kf1 a6 25. b4 Nb6 26. Nd2 Qe7 27. Qxe7+ Kxe7
28. g4 Bf6 29. Ke2 Nc8 30. Nb3 Nd6 31. Nc5 Kd8 32. Bd3 Kc7 33. a4 Be7 34. a5 Ne8
35. Nb3 Nf6 36. Nd2 Nd7 37. Nb3 Nf6 38. Nd2 Ne8 39. Nb3 Bd6 40. f3 Nf6 1/2-1/2

[Event "Chigorin Memorial Open"]
[Site "St Petersburg RUS"]
[Date "2011.10.19"]
[Round "6.21"]
[White "Dvoirys, Semen I."]
[Black "Gladyszev, Oleg"]
[Result "1/2-1/2"]
[WhiteTitle "GM"]
[BlackTitle "IM"]
[WhiteElo "2598"]
[BlackElo "2463"]
[WhiteFideId "4100379"]
[BlackFideId "4118642"]
[EventDate "2011.10.14"]

1. c4 g6 2. d4 Bg7 3. Nf3 Nf6 4. g3 O-O 5. Bg2 d6 6. Nc3 Nbd7 7. O-O e5 8. h3 c6
9. Be3 Qe7 10. Qd2 exd4 11. Nxd4 Nb6 12. b3 d5 13. cxd5 Nbxd5 14. Nxd5 Nxd5 15.
Bh6 Qb4 16. Qxb4 Nxb4 17. Bxg7 Kxg7 18. Rfc1 Rd8 19. e3 Na6 20. Kf1 Bd7 21. b4
Rac8 22. a3 Rc7 23. Ke1 Rdc8 24. Nb3 c5 25. Nxc5 Nxc5 26. Rxc5 Rxc5 27. bxc5
Rxc5 28. Bxb7 Bxh3 29. Be4 Bf5 30. Bxf5 Rxf5 31. Rb1 Ra5 32. Rb3 h5 33. f4 Ra4
34. Ke2 Kh6 35. Kf3 f5 36. Rc3 Kg7 37. Rc7+ Kf6 38. Rc6+ Kg7 39. Rc7+ Kf6 40.
Rc6+ Kg7 41. Rc7+ 1/2-1/2

[Event "Chigorin Memorial Open"]
[Site "St Petersburg RUS"]
[Date "2011.10.19"]
[Round "6.22"]
[White "Jumabayev, Rinat"]
[Black "Smirnov, Artem"]
[Result "1-0"]
[WhiteTitle "GM"]
[BlackTitle "IM"]
[WhiteElo "2589"]
[BlackElo "2444"]
[WhiteFideId "13702661"]
[BlackFideId "4143256"]
[EventDate "2011.10.14"]

1. d4 Nf6 2. c4 c5 3. Nf3 cxd4 4. Nxd4 Nc6 5. Nc3 e6 6. g3 Bc5 7. Nb3 Be7 8. Bg2
O-O 9. O-O b6 10. Nd4 Bb7 11. b3 a6 12. Bf4 Rc8 13. Rc1 Ba3 14. Rb1 Bb4 15. Ne4
d5 16. Nxf6+ Qxf6 17. Nc2 Rfd8 18. cxd5 exd5 19. Nxb4 Nxb4 20. Qd2 Qe7 21. Rbc1
h6 22. Bh3 Rxc1 23. Rxc1 Nc6 24. Qe3 Qxe3 25. Bxe3 d4 26. Bf4 d3 27. exd3 Nb4
28. Rc7 Bf3 29. Be3 Rd5 30. Bxb6 Nxa2 31. Be3 Rb5 32. Rc2 Nb4 33. Rc8+ Kh7 34.
Rc7 Ra5 35. Bd4 Nc6 36. Bc3 Rc5 37. Rxf7 Rxc3 38. Rxf3 Nd4 39. Rf7 Rxb3 40. Rd7
Rb4 41. Rd5 g5 42. Kg2 Nb5 43. Bc8 a5 44. Bd7 Nc3 45. Rxa5 Rb2 46. Bg4 Rd2 47.
Kf1 Kg7 48. Bh5 Rb2 49. Ra7+ Kf6 50. Rh7 1-0

[Event "Chigorin Memorial Open"]
[Site "St Petersburg RUS"]
[Date "2011.10.19"]
[Round "6.23"]
[White "Kovalenko, Igor"]
[Black "Ajrapetian, Gevorg"]
[Result "1/2-1/2"]
[WhiteTitle "IM"]
[BlackTitle "IM"]
[WhiteElo "2578"]
[BlackElo "2420"]
[WhiteFideId "14117908"]
[BlackFideId "4174232"]
[EventDate "2011.10.14"]

1. d4 c5 2. d5 d6 3. e4 Nf6 4. f3 e6 5. c4 a6 6. Nc3 exd5 7. exd5 Be7 8. Nge2
Nbd7 9. a4 Ne5 10. Ng3 h5 11. f4 Neg4 12. h3 Nh6 13. Bd3 h4 14. Nf1 Nf5 15. Bxf5
Bxf5 16. Ne3 Qd7 17. O-O Nh5 18. Nxf5 Qxf5 19. Re1 Kf8 20. Ne4 Re8 21. Ra3 Rh6
22. Qg4 Qxg4 23. hxg4 f5 24. gxf5 Bf6 25. Bd2 Bxb2 26. Rh3 Bd4+ 27. Kh2 Nf6 28.
Nxf6 Rxf6 29. Rxh4 Rxe1 30. Bxe1 Rxf5 31. Rh8+ Kf7 32. Rb8 Rxf4 33. Bg3 Rf1 34.
Rxb7+ Kg6 35. Bxd6 Rc1 36. Bg3 Rxc4 37. Rb6+ Kf5 38. d6 Be5 39. Bxe5 Kxe5 40.
Rxa6 Rd4 41. Kg3 Ke6 42. Kf3 g5 43. Ra8 Rf4+ 44. Ke3 Kxd6 45. g3 Rb4 46. a5 Ra4
47. a6 Kc7 48. a7 Kb7 49. Rg8 Kxa7 50. Rxg5 Kb6 51. Rg8 Kb5 52. g4 Kc4 53. Kf2
Ra2+ 54. Kf3 Ra1 55. Kf2 Ra2+ 56. Kf3 Ra1 57. Kg2 Ra2+ 58. Kg3 Ra1 59. Rf8 Kb4
60. Kg2 c4 61. Rb8+ Kc3 62. g5 Ra6 63. Rg8 Kc2 64. Kf3 c3 65. Kf4 Kc1 1/2-1/2

[Event "Chigorin Memorial Open"]
[Site "St Petersburg RUS"]
[Date "2011.10.19"]
[Round "6.24"]
[White "Mozharov, Mikhail"]
[Black "Shomoev, Anton"]
[Result "0-1"]
[WhiteTitle "IM"]
[BlackTitle "GM"]
[WhiteElo "2459"]
[BlackElo "2577"]
[WhiteFideId "4189825"]
[BlackFideId "4135148"]
[EventDate "2011.10.14"]

1. d4 Nf6 2. c4 e6 3. Nc3 Bb4 4. Qc2 O-O 5. e4 d6 6. e5 dxe5 7. dxe5 Ng4 8. Nf3
Nc6 9. Bf4 Nd4 10. Qe4 c5 11. h3 f5 12. Qd3 Nxf3+ 13. Qxf3 Qd4 14. Qg3 Nxf2 0-1

[Event "Chigorin Memorial Open"]
[Site "St Petersburg RUS"]
[Date "2011.10.19"]
[Round "6.25"]
[White "Nezad, Husein Aziz"]
[Black "Shimanov, Aleksandr"]
[Result "0-1"]
[WhiteTitle "IM"]
[BlackTitle "GM"]
[WhiteElo "2414"]
[BlackElo "2565"]
[WhiteFideId "12100293"]
[BlackFideId "4198603"]
[EventDate "2011.10.14"]

1. d4 Nf6 2. c4 g6 3. Nc3 Bg7 4. e4 O-O 5. Bd3 d6 6. Nge2 c5 7. d5 e6 8. Bg5 h6
9. Bh4 exd5 10. exd5 g5 11. Bg3 Nh5 12. O-O f5 13. f4 Na6 14. a3 Nc7 15. Qc2 Qd7
16. Be1 b6 17. Bd2 g4 18. Rae1 Rb8 19. Kh1 a6 20. b3 b5 21. Nd1 Qf7 22. Ne3 bxc4
23. bxc4 Rb2 24. Qc1 Bd7 25. Nd1 Rb7 26. Qc2 Rfb8 27. Bc1 Na8 28. Ne3 Rf8 29.
Nc3 Bd4 30. Ne2 Bg7 31. Nc3 Nb6 32. Bd2 Bd4 33. Rb1 Re8 34. Rfe1 Rbb8 35. Nf1
Rxe1 36. Rxe1 Nc8 37. Bc1 Nb6 38. Bd2 Nc8 39. Bc1 Ne7 40. Ne2 Bg7 41. Qd2 Ng6
42. Nfg3 Nxg3+ 43. Nxg3 Rf8 44. Qa5 Bc8 45. Bd2 Bd4 46. Qb6 Qf6 47. Qc7 h5 48.
Rb1 h4 49. Ne2 h3 50. gxh3 Ne7 51. hxg4 fxg4 52. Ng3 Nf5 53. Ne4 Qh6 54. Rg1
Bxg1 55. Kxg1 Nd4 56. Ng5 Nf3+ 57. Nxf3 gxf3 58. Bc3 f2+ 59. Kxf2 Qxf4+ 60. Kg2
Qg4+ 61. Kh1 Qd1+ 62. Kg2 Bh3+ 0-1

[Event "Chigorin Memorial Open"]
[Site "St Petersburg RUS"]
[Date "2011.10.19"]
[Round "6.27"]
[White "Pankov, German"]
[Black "Rychagov, Andrey"]
[Result "1/2-1/2"]
[WhiteTitle "FM"]
[BlackTitle "GM"]
[WhiteElo "2392"]
[BlackElo "2556"]
[WhiteFideId "4174569"]
[BlackFideId "4119932"]
[EventDate "2011.10.14"]

1. d4 d5 2. c4 c6 3. Nf3 dxc4 4. a4 Nf6 5. Nc3 Bf5 6. e3 e6 7. Bxc4 Nbd7 8. O-O
Bb4 9. Qb3 a5 10. Na2 Be7 11. Qxb7 Rb8 12. Qa6 Ra8 13. Qb7 Rb8 14. Qa6 Ra8 15.
Qb7 1/2-1/2

[Event "Chigorin Memorial Open"]
[Site "St Petersburg RUS"]
[Date "2011.10.19"]
[Round "6.28"]
[White "Yakovich, Yuri"]
[Black "Girya, Olga"]
[Result "0-1"]
[WhiteTitle "GM"]
[BlackTitle "WGM"]
[WhiteElo "2549"]
[BlackElo "2390"]
[WhiteFideId "4100654"]
[BlackFideId "4195752"]
[EventDate "2011.10.14"]

1. d4 d5 2. c4 c6 3. Nc3 e6 4. e3 Bd6 5. Bd3 f5 6. Nge2 Nf6 7. f3 O-O 8. Qc2 a6
9. c5 Bc7 10. Na4 Nbd7 11. Bd2 g6 12. O-O-O e5 13. dxe5 Nxe5 14. Nd4 Nxd3+ 15.
Qxd3 Qe7 16. Kb1 Be6 17. Qb3 Rab8 18. h3 Nd7 19. Rhe1 Bf7 20. g4 fxg4 21. hxg4
Be5 22. Qc2 Bg7 23. Bc3 Ne5 24. Qh2 Kh8 25. Qg3 Bg8 26. e4 dxe4 27. Rxe4 Bd5 28.
Re3 Qg5 29. Rde1 Rbe8 30. Nc2 Rf4 31. Nb6 Bf7 32. R1e2 Re7 33. Qe1 Nxf3 34. Rxe7
Nxe1 35. Re8+ Bg8 36. Bxg7+ Kxg7 37. Rxe1 Qxc5 38. Nd7 Bxa2+ 39. Kxa2 Qxc2 0-1